005870000a2200169000450024501120000004100140011250000300012665000180015665000150017465000210018965000320021065100410024265300160028370000230029910000240032277300710034610aPrimer registro de un pulpo de la familia Tremoctopodidae (Cephalopoda: Octopoda) para el Caribe colombiano0 aEspañol a14aCefalópodos14aBiología14aNuevos registros14aDistribución geográfica 4mIslas del RosariodBolivarpColombia gTremoctopus1 aGracia C., Adriana1 aDíaz, Juan Manuel1 tBoletín de Investigaciones Marinas y Costerasq283-286d2004g33